000 01007nac a22003011i 4500
003 EG-ScBUE
005 20260330100933.0
008 260314t1993 gw a f bd 001 0 eng d
020 _a3540566961 (acid-free paper : Berlin)
020 _a0387566961 (acid-free paper : New York)
040 _aEG-ScBUE
_beng
_erda
_cEG-ScBUE
_dEG-ScBUE
082 0 4 _a592.092
_bGIE
_222
100 1 _aGiere, Olav,
_d1939-
_eauthor.
245 1 0 _aMeiobenthology :
_bthe microscopic fauna in aquatic sediments /
_cOlav Giere.
264 1 _aBerlin :
_bSpringer-Verlag,
_c[1993]
264 4 _cc1993
300 _axv, 328 pages :
_billustrations ;
_c25 cm
336 _2rdacontent
_atext
_btxt
337 _aunmediated
_2rdamedia
_bn
338 _avolume
_bnc
_2rdacarrier
500 _aIncludes glossary.
500 _aWith 102 Figures, and 20 Tables.
504 _aIncludes bibliographical references and index.
650 7 _aMeiofauna.
_2BUEsh
650 7 _aBenthos.
_2BUEsh
655 _vReading book
942 _cBB
_2ddc
999 _c3947
_d3947